<?xml version="1.0" encoding="utf-8"?>
<?xml-stylesheet type='text/xsl' href='./oai2.xsl'?>
<OAI-PMH xmlns="http://www.openarchives.org/OAI/2.0/" xmlns:xsi="http://www.w3.org/2001/XMLSchema-instance" xsi:schemaLocation="http://www.openarchives.org/OAI/2.0/ http://www.openarchives.org/OAI/2.0/OAI-PMH.xsd">
  <responseDate>2026-06-04T10:26:00Z</responseDate>
  <request verb="GetRecord" metadataPrefix="marcxml" identifier="record_kuniweb_21977">https://kulturerbe.niedersachsen.de/oai</request>
  <GetRecord>
    <record>
      <header>
        <identifier>record_kuniweb_21977</identifier>
        <datestamp>2015-06-19T12:07:43Z</datestamp>
        <setSpec>slg0103</setSpec>
      </header>
      <metadata>
        <marc:record xmlns:marc="http://www.loc.gov/MARC21/slim" xsi:schemaLocation="http://www.loc.gov/MARC21/slim http://www.loc.gov/standards/marcxml/schema/MARC21slim.xsd">
          <marc:leader>12345nem  22     uu 4500</marc:leader>
          <marc:controlfield tag="001">21977</marc:controlfield>
          <marc:controlfield tag="003">http://kuniweb.gbv.de</marc:controlfield>
          <marc:controlfield tag="005">2015-04-18T15:53:49</marc:controlfield>
          <marc:controlfield tag="008">|           ||||||||||||||||||||||</marc:controlfield>
          <marc:datafield tag="245" ind1="1" ind2="0">
            <marc:subfield code="a">Geographische Vorstellung der jämerlichen Wasser-Flutt in Nieder-Teutschland, welche den 25. Dec(ember) A(nn)o 1717, in der heiligen Christ-Nacht, mit unzählichen Schaden, und Verlust vieler tausend Menschen, einen großen theil derer Herzogth(ümer) Holstein und Bremen, die Grafsch(aft) Oldenburg, Frislandt, Gröningen und Nort-Holland überschwemmet hat</marc:subfield>
          </marc:datafield>
          <marc:datafield tag="700" ind1="1" ind2=" ">
            <marc:subfield code="a">Mejer</marc:subfield>
            <marc:subfield code="d">* 1606 † 1674</marc:subfield>
            <marc:subfield code="e">Vorbild / Ideengeber</marc:subfield>
          </marc:datafield>
          <marc:datafield tag="700" ind1="1" ind2=" ">
            <marc:subfield code="a">Sanson</marc:subfield>
            <marc:subfield code="d">* 1600 † 1667</marc:subfield>
            <marc:subfield code="e">Vorbild / Ideengeber</marc:subfield>
          </marc:datafield>
          <marc:datafield tag="700" ind1="1" ind2=" ">
            <marc:subfield code="a">Homann</marc:subfield>
            <marc:subfield code="e">Zeichner</marc:subfield>
          </marc:datafield>
          <marc:datafield tag="655" ind1=" " ind2="7">
            <marc:subfield code="a">Karten</marc:subfield>
          </marc:datafield>
          <marc:datafield tag="046" ind1=" " ind2=" ">
            <marc:subfield code="k">1718</marc:subfield>
            <marc:subfield code="k">Karte 1718</marc:subfield>
          </marc:datafield>
          <marc:datafield tag="260" ind1=" " ind2=" ">
            <marc:subfield code="g">1718</marc:subfield>
            <marc:subfield code="g">Karte 1718</marc:subfield>
          </marc:datafield>
          <marc:datafield tag="300" ind1=" " ind2=" ">
            <marc:subfield code="a">Höhe: 47,5 cm
Breite: 58 cm</marc:subfield>
          </marc:datafield>
          <marc:datafield tag="520" ind1=" " ind2=" ">
            <marc:subfield code="a">Maßstäbe (in cm): 5 deutsche Meilen zu 15 auf einen Grad = 6,3
Ausrichtung: Norden
Rückseite: leer

Anmerkungen: 
Die Karte zeigt deutlich, daß es dem Autor und Verleger nicht auf exakte Kartographie ankam, sondern auf die schnelle Bedienung eines großen Publikumsinteresses. So bringt das Blatt einen Bericht über die Flut mit Aufzählung von Personen- und Sachschäden. Zusätzlich weisen Einträge zum Beispiel an der Wesermündung und bei Ritzebüttel auf besonders spektakuläre Schäden hin. - Neben der geographischen Darstellung enthält die Karte Belehrungen und Informationen über das gefährliche Leben am Meer in Niederdeutschland im Gegensatz zur Situation am Mittelmeer, belegt durch einem lateinischenText aus dem 15. Buch der Metamorphosen von Ovid. - Bildliche Darstellungen eines Deichbruchs, eines Sieltores und einer sogenannten Wassermühle runden die Information des Betrachters ab. – Die Nebenkarte dehnt die Darstellung bis Amsterdam und Haarlem aus.

Veröffentlicht in:
bei Johann Baptist Homann, Nürnberg ab 1718 – im Inhaltsverzeichnis eines Homann-Atlasses „Tabula Inundationis maritimae 1717 in inferiori Germania factae“ bezeichnet

Literatur in Zusammenhang:
A. W. Lang, „Geographische Vorstellung der jämerlichen Wasser-Flutt in Nieder-Teutschland, welche den 25. Dec. Ao 1717, in der heiligen Christ-Nacht, mit unzählichen Schaden, und Verlust vieler tausend Menschen, einen großen theil derer Herzogth. Holstein und Bremen, die Grafsch. Oldenburg, Frislandt, Gröningen und Nort-Holland überschwemmet hat. Geographische Vorstellung der jämmerlichen Wasser-Flut in Nieder-Deutschland. Nordseeküste ; 7“. Verl. Die Bake, Juist, 19631718. (S. 39 ff., 44)

Literatur in Zusammenhang:
M. Heinz, „Verlagsgeschichte, Beschreibung der Produkte, Methodik, Literaturliste. Modell eines Werkskataloges des kartographischen Verlages Homann, Homanns Erben und Fembo in Nürnberg / (1702 - 1848); in 2 Bänden ; Bd. 1“. 2002. (S. 114, 257)

Literatur in Zusammenhang:
C. Sandler, „Johann Baptista Homann, die Homännischen Erben, Matthäus Seutter und ihre Landkarten : Beiträge zur Geschichte d. Kartographie“. Meridian Publ. Co., Amsterdam, 1979. (S. 61 Nr. 191, S. 89, 97)</marc:subfield>
          </marc:datafield>
          <marc:datafield tag="650" ind1="1" ind2=" ">
            <marc:subfield code="a">Sturmflut</marc:subfield>
          </marc:datafield>
          <marc:datafield tag="650" ind1="1" ind2=" ">
            <marc:subfield code="a">Landkarte</marc:subfield>
          </marc:datafield>
          <marc:datafield tag="773" ind1="0" ind2=" ">
            <marc:subfield code="t">Sammlung Körber-Einbeck</marc:subfield>
          </marc:datafield>
          <marc:datafield tag="852" ind1=" " ind2=" ">
            <marc:subfield code="a">Institut für Historische Landesforschung der Universität Göttingen</marc:subfield>
          </marc:datafield>
          <marc:datafield tag="" ind1=" " ind2=" ">
            <marc:subfield code="a">Namensnennung-Nicht kommerziell 4.0 International (CC BY-NC 4.0))</marc:subfield>
          </marc:datafield>
        </marc:record>
      </metadata>
    </record>
  </GetRecord>
</OAI-PMH>
